000 00926nam a2200313 i 4500
001 bg
100 1 _aJohnson, Hazel.
245 1 0 _aKoszt kapitału :
_bklucz do wartości firmy /
_cHazel Johnson ; [tł. z ang. Jakub Kluziński].
246 _iTyt. oryg.:
_aDetermining cost of capital
260 _aWarszawa :
_bK.E. LIBER,
_c2000.
300 _a194 s. ;
_c24 cm +
_eDyskietka.
490 1 _aFinanse Przedsiębiorstw
500 _aOryg.: "Determining cost of capital".
504 _aIndeks.
650 9 _aKapitał
_xzagadnienia
650 9 _aKoszty
_xzagadnienia
650 9 _aPrzedsiębiorstwo
_xceny
650 9 _aPrzedsiębiorstwo
_xfinanse
830 _aFinanse Przedsiębiorstw
020 _a8388170120
040 _cBPK
041 1 _apol
_heng
080 _a658.14/.17
080 _a330.1
080 _a657.47
920 _a83-88170-12-0
942 _cKS
008 000717s2000 pl f |000 0 pol
999 _c37291
_d37291
856 _uhttp://koha.tu.koszalin.pl/cgi-bin/koha/opac-detail.pl?biblionumber=37291
_yKatalog online BPK